'B' Television Characters Quiz Stats

 Plays Quiz Updated Nov 1, 2014

Challenge
Share
Tweet
Score 0/20 Timer 05:00
9 Plays Today
% Correct
Bart Simpson
99.3%
Buffy Summers
94.8%
Bert
93%
Betty Suarez
88.5%
Beavis
84.2%
Barney Stinson
80.4%
Bobby Brady
64.8%
Bender Bending Rodriguez
62.7%
Blanche Devereaux
55.5%
Bernadette Rostenkowski
54.5%
% Correct
Bobby Hill
48.6%
Betty Draper
39.8%
Bob Kelso
39.6%
Ben Wyatt
33.8%
Ben Linus
33.2%
Blair Waldorf
32.3%
Bree Van de Kamp
31.8%
B.J. Hunnicutt
30.5%
Blaine Anderson
28.9%
Buster Bluth
28.8%

You're not logged in!

Compare scores with friends on all Sporcle quizzes.
OR
Log In

You Might Also Like...

Show Comments

Extras

Top Quizzes Today


Score Distribution

Your Account Isn't Verified!

In order to create a playlist on Sporcle, you need to verify the email address you used during registration. Go to your Sporcle Settings to finish the process.

Report this User

Report this user for behavior that violates our Community Guidelines.

Details: